| 000 | 00924cam a22002895a 4500 | ||
|---|---|---|---|
| 001 | 014693101 | ||
| 003 | EG-ScBUE | ||
| 005 | 20221101095823.0 | ||
| 008 | 061212s2006 enka f 000 0 eng d | ||
| 020 | _a0470026340 | ||
| 020 | _a9780470026342 | ||
| 040 |
_aVHI _beng _erda _cVHI _dVHI _dBAKER _dYDXCP _dBTCTA _dNLGGC _dUk _dEG-ScBUE |
||
| 082 | 0 | 4 |
_222 _a721.044 _bARC |
| 245 | 0 | 0 |
_aArchitextiles / _cguest-edited by Mark Garcia. |
| 264 | 1 |
_aLondon : _bWiley-Academy, _c2006. |
|
| 300 |
_a136 pages : _billustrations ; _c28 cm. |
||
| 336 |
_2rdacontent _atext _btxt |
||
| 337 |
_2rdamedia _aunmediated _bn |
||
| 338 |
_2rdacarrier _avolume _bnc |
||
| 490 | 0 |
_aArchitectural design, _x0003-8504 ; _vv. 76, no. 6 |
|
| 540 |
_aCurrent copyright fee: GBP24.00 _c35\0 _5Uk |
||
| 650 | 7 |
_aTextile fabrics. _2BUEsh _9520 |
|
| 653 |
_bGGEN _cApril2018 |
||
| 655 | _vReading book | ||
| 700 | 1 |
_aGarcia, Mark, _eeditor. |
|
| 942 |
_2ddc _cBB |
||
| 999 |
_c26491 _d26463 |
||